000 00465nam a2200181Ia 4500
003 0STCL
008 150530s9999 xx 000 0 und d
040 _aSTCL
_cSTCL
100 _aRosen, K.H.
245 _aDiscrete Mathematics and Its Applications (with combinatorics and graph theory)
250 _a6
260 _bTata Magraw hill; Delhi
_c2008
_aDelhi
300 _a0
546 _aEnglish
942 _2ddc
_cBK
999 _c21528
_d21528
005 20220125165922.0